<?xml version="1.0" encoding="UTF-8"?>
<record
    xmlns:xsi="http://www.w3.org/2001/XMLSchema-instance"
    xsi:schemaLocation="http://www.loc.gov/MARC21/slim http://www.loc.gov/standards/marcxml/schema/MARC21slim.xsd"
    xmlns="http://www.loc.gov/MARC21/slim">

  <leader>00474nam a22001697a 4500</leader>
  <datafield tag="999" ind1=" " ind2=" ">
    <subfield code="c">128056</subfield>
    <subfield code="d">128056</subfield>
  </datafield>
  <controlfield tag="005">20220826101717.0</controlfield>
  <controlfield tag="008">220826b           ||||| |||| 00| 0 eng d</controlfield>
  <datafield tag="040" ind1=" " ind2=" ">
    <subfield code="c">PK-LaUMT</subfield>
  </datafield>
  <datafield tag="082" ind1=" " ind2=" ">
    <subfield code="a">APC 297.4</subfield>
    <subfield code="b">PER-T</subfield>
  </datafield>
  <datafield tag="100" ind1=" " ind2=" ">
    <subfield code="a">Pervaiz = &#x67E;&#x631;&#x648;&#x6CC;&#x632;</subfield>
  </datafield>
  <datafield tag="245" ind1=" " ind2=" ">
    <subfield code="a">Tasawwaf ki haqeeqat =   &#x62A;&#x635;&#x648;&#x641; &#x6A9;&#x6CC; &#x62D;&#x642;&#x6CC;&#x642;&#x62A; /</subfield>
    <subfield code="c">by Pervaiz = &#x67E;&#x631;&#x648;&#x6CC;&#x632;</subfield>
  </datafield>
  <datafield tag="260" ind1=" " ind2=" ">
    <subfield code="a">Lahore :</subfield>
    <subfield code="b">Taloo i Islami Trust,</subfield>
    <subfield code="c">1987</subfield>
  </datafield>
  <datafield tag="300" ind1=" " ind2=" ">
    <subfield code="a">384 p.</subfield>
  </datafield>
  <datafield tag="650" ind1=" " ind2=" ">
    <subfield code="a">Islam</subfield>
  </datafield>
  <datafield tag="650" ind1=" " ind2=" ">
    <subfield code="a">Islam-Sufism</subfield>
  </datafield>
  <datafield tag="942" ind1=" " ind2=" ">
    <subfield code="c">BK</subfield>
  </datafield>
  <datafield tag="952" ind1=" " ind2=" ">
    <subfield code="0">0</subfield>
    <subfield code="1">0</subfield>
    <subfield code="4">0</subfield>
    <subfield code="7">0</subfield>
    <subfield code="a">01</subfield>
    <subfield code="b">01</subfield>
    <subfield code="d">2022-08-26</subfield>
    <subfield code="l">0</subfield>
    <subfield code="o">APC 297.4 PER-T</subfield>
    <subfield code="p">143720</subfield>
    <subfield code="r">2022-08-26 00:00:00</subfield>
    <subfield code="w">2022-08-26</subfield>
    <subfield code="y">BK</subfield>
  </datafield>
</record>
